000 00617nam a2200217Ia 4500
005 20250508165420.0
008 008 250505s9999 xx 000 0 eng d
020 _a0-13-437104-6
037 _aTextual
040 _aFEDL
_beng
_cFEDL
041 _aeng
_2eng
084 _a306.4, GYA
_qFEDL
100 _aGyatso Tenzin
245 0 _aAncient wisdom, modern world: Ethics for the new millennium
260 _aLondon, UK
_bLittle Brown and Company
_c1999
300 _ax, 246p.
365 _aGBP
_b8.99
700 _a Lama Dalai
_9780790
942 _cTEXL
_h306.4, GYA
999 _c1394993
_d1394993